Regioni che confinano con la Toscana - Statistics

Statistiche generali
  • Questo quiz è stato fatto 71 volte
  • Il punteggio medio è 5 su 5
Statistiche sulle risposte
Superficie (km²) Popolazione (ab.) Regione % Corretto
17 232 5 706 791 Lazio
100%
22 453 4 427 880 Emilia-Romagna
98%
8 464 855 097 Umbria
98%
5 413 1 504 140 Liguria
96%
9 427 1 482 604 Marche
90%
Nessun quiz corrispondente trovato
Distribuzione punteggi
Percentuale di utenti per punteggio
Percentile per numero di risposta
I tuoi punteggi nel tempo
Non hai fatto questo quiz